000 00447nam a2200169Ia 4500
008 190425s9999 xx 000 0 und d
100 _aPunay, Edu
245 _aCoco farmers join bid to block transfer of P1-B funds/
245 _cEdu Punay
260 _bThe Philippine Star
260 _c2019
300 _aPage 7, January 18
440 _aThe Philippine Star
_v33: 175
650 _aagriculture
650 _acoconut
650 _afarming
999 _c361646
_d361646